| 000 | 00594nam a22002051c 4500 | ||
|---|---|---|---|
| 001 | a987677082 | ||
| 008 | 160907s1988 gw |||| 000u ger d | ||
| 020 |
_a3893310193 _93-89331-019-3 |
||
| 041 | _ager | ||
| 245 | 0 | 0 | _aLänderbericht Sowjetunion |
| 250 | _a2.aktualisierte Aufl. | ||
| 264 |
_aBonn : _bBundeszentrale für Politische Bildung, _c1988 |
||
| 300 | _a607 S. | ||
| 651 | 0 | _aSowjetunion | |
| 700 | 1 |
_aBütow, Hellmuth G. _eHerausgeberIn |
|
| 942 | _cMG | ||
| 040 | _cRU-10907106 | ||
| 003 | RU-10907106 | ||
| 999 |
_c38841 _d38841 |
||
| 490 | 0 |
_aSchriftenreihe / Bundeszentrale für politische Bildung _v263 |
|